| 000 | 00378nam a22001457a 4500 | ||
|---|---|---|---|
| 003 | SGT | ||
| 020 | _a9789386478122 | ||
| 082 |
_a617.525 _bA17A |
||
| 100 | _aSyed Ahmed | ||
| 245 | _aAtlas of Oral and Maxillofacial Surgical Instruments | ||
| 260 |
_aNEW DELHI _bCBS Publishers & Distributors Pvt Ltd _c2017 |
||
| 300 | _a1-154 | ||
| 650 | _aORAL SURGERY | ||
| 942 |
_2ddc _cBK _019 |
||
| 999 |
_c20926 _d20926 |
||